Normal view
MARC view
- Ramachandran Pillai, G
Entry Personal Name
001 - CONTROL NUMBER
- control field: 7805
003 - CONTROL NUMBER IDENTIFIER
- control field: OSt
005 - DATE AND TIME OF LATEST TRANSACTION
- control field: 20250902110300.0
008 - FIXED-LENGTH DATA ELEMENTS
- fixed length control field: 250902|| aca||aabn | a|a d
040 ## - CATALOGING SOURCE
- Original cataloging agency: OSt
- Transcribing agency: OSt
100 ## - HEADING--PERSONAL NAME
- Personal name: Ramachandran Pillai, G
670 ## - SOURCE DATA FOUND
- Source citation: Work cat.: (OSt)19493: Ramachandran Pillai, G, Thapthaniswasangal /, 2018.
